000 00600nam a22002051 4500
001 bimo0001169816
003 OSt
005 20150105172538.0
008 930725s1967 sp spa
040 _aSpMaBN
_bspa
_cBMC
082 _a920 José de San Martín
100 _aMedrano, Samuel W
_9868
_d1899-1977
245 1 3 _aEl libertador José de San Martín
_cSamuel W. Medrano
250 _a3ª ed
260 0 _aMadrid
_bEspasa-Calpe
_c1967
300 _a221 p.
_c18 cm
490 0 _aAustral
_v960
600 1 4 _929906
_aSan Martín, José de
_d1778-1850
_xBiografías
942 _2ddc
_cBK
_hahoj
999 _c868
_d868